| Tag |
First Indicator |
Second Indicator |
Subfields |
| LEADER |
00000cam a22000008a 4500 |
| 001 |
in00000091006 |
| 005 |
20151008063850.0 |
| 008 |
811119s1982 nyuaf b 00010beng |
| 010 |
|
|
|a 81018981
|
| 020 |
|
|
|a 0393015319
|
| 035 |
|
|
|a (OCoLC)08032484
|
| 035 |
|
|
|9 AAK3073AM
|
| 039 |
0 |
|
|a 2
|b 3
|c 3
|d 3
|e 3
|
| 040 |
|
|
|a DLC
|c DLC
|d TXA
|d UtOrBLW
|
| 043 |
|
|
|a n-us---
|
| 049 |
|
|
|a TXAM
|c [1672752]
|
| 050 |
0 |
0 |
|a E312.19
|b .B68 1982
|
| 082 |
0 |
|
|a 973.4/1/0922
|a B
|2 19
|
| 100 |
1 |
|
|a Bourne, Miriam Anne.
|
| 245 |
1 |
0 |
|a First family :
|b George Washington and his intimate relations /
|c Miriam Anne Bourne.
|
| 250 |
|
|
|a 1st ed.
|
| 263 |
|
|
|a 8202
|
| 264 |
|
1 |
|a New York :
|b Norton,
|c [1982]
|
| 264 |
|
4 |
|c ©1982
|
| 300 |
|
|
|a 212 pages, 10 unnumbered pages of plates :
|b illustrations ;
|c 21 cm.
|
| 336 |
|
|
|a text
|b txt
|2 rdacontent
|
| 337 |
|
|
|a unmediated
|b n
|2 rdamedia
|
| 338 |
|
|
|a volume
|b nc
|2 rdacarrier
|
| 504 |
|
|
|a Bibliography: pages 211-212.
|
| 600 |
1 |
0 |
|a Washington, George,
|d 1732-1799
|x Family.
|
| 650 |
|
0 |
|a Presidents
|z United States
|v Biography.
|
| 999 |
|
|
|a MARS
|
| 999 |
f |
f |
|s 2179113b-909e-380f-92ec-8fa40f180096
|i d9bf23bf-a45a-353d-ad5d-fcb609d4da4a
|t 0
|
| 952 |
f |
f |
|p ric
|a Texas A&M University
|b Rellis Campus
|c Joint Library Facility
|d Remote Storage
|t 0
|e E312.19 .B68 1982
|h Library of Congress classification
|i unmediated -- volume
|m A14806106916
|
| 998 |
f |
f |
|a E312.19 .B68 1982
|t 0
|l Remote Storage
|